• 首页
  • 本馆介绍
  • 公告通知
  • 最新文献
  • 馆藏检索
  • 电子资源
  • 读者导购
  • 参考咨询
  • 我的图书馆
  • 登录
  • 详细信息显示
  • 放入我的书架
  • 预约/预借图书
  • 作者相关作品
  • 分类相关作品
  • 丛书相关作品
  • 出版社相关作品

书目信息

  • 表格格式
  • 工作单格式
  • 卡片格式
题名:
功能材料化学进展
    
 
作者: 朱道本 主编
分册:  
出版信息: 北京   化学工业出版社  2005
页数: 404页
开本: 25cm
丛书名: 化学进展丛书
单 册:
中图分类: TB34
科图分类:
主题词: 功能材料--应用化学--进展 , 功能材料 , 应用化学
电子资源:
ISBN: 7-5025-7290-2
000 01130oam2 2200301 450
001 012007227129
005 20070517141131.35
010    @a7-5025-7290-2@b精装@dCNY69.00
100    @a20070427d2005 km y0chiy0120 ea
101 0  @achi
102    @aCN@b110000
105    @ay z 000yy
106    @ar
200 1  @a功能材料化学进展@Agong neng cai liao hua xue jin zhan@f朱道本主编@Fzhu dao ben zhu bian
210    @a北京@c化学工业出版社@d2005
215    @a404页@d25cm
225 2  @a化学进展丛书
300    @a“十五”国家重点图书
330    @a本书是《化学进展丛书》分册之一,主要介绍了功能材料化学学科的发展前沿动态、研究重点和重要作用。内容涵盖近5-10年间国内外功能材料化学的发展动态、研究重点及未来发展趋势;功能材料化学热点问题的新思路、新方法及学科交叉融合中的创新问题;重要的和潜在的应用前景,解决实际问题的应用实例。
461  0 @12001 @a化学进展丛书
510 1  @aAdvances in function material@zeng
606 0  @a功能材料@x应用化学@x进展
606 0  @a功能材料
606 0  @a应用化学
690    @aTB34@v4
701  0 @a朱道本@Azhu dao ben@f(1942~)@4主编
801  0 @aCN@bRULIN@c20070517
905    @dTB34@e151@s8
    
    功能材料化学进展/朱道本主编.-北京:化学工业出版社,2005
    404页;25cm.-(化学进展丛书)
    “十五”国家重点图书
    
    ISBN 7-5025-7290-2(精装):CNY69.00
    本书是《化学进展丛书》分册之一,主要介绍了功能材料化学学科的发展前沿动态、研究重点和重要作用。内容涵盖近5-10年间国内外功能材料化学的发展动态、研究重点及未来发展趋势;功能材料化学热点问题的新思路、新方法及学科交叉融合中的创新问题;重要的和潜在的应用前景,解决实际问题的应用实例。
●
相关链接 在E读中查询图书 在五车中查询图书 在当当中查询图书 在豆瓣中查询图书


正题名:功能材料化学进展     索取号:TB34/151         预约/预借

序号 登录号 条形码 馆藏地/架位号 状态 备注
1 0574715   205747156   第二样本阅览室/ [索取号:TB34/151] 在馆    
2 0574716   205747165   密集书库/ [索取号:TB34/151] 在馆    
3 0574717   205747174   第三借阅区/ [索取号:TB34/151] 在馆    
4 0574718   205747183   第三借阅区/ [索取号:TB34/151] 在馆    
5 0574719   205747192   密集书库/ [索取号:TB34/151] 在馆    
6 0574720   205747209   第三借阅区/ [索取号:TB34/151] 在馆    
7 0574721   205747218   第三借阅区/ [索取号:TB34/151] 在馆    
8 0574722   205747227   第三借阅区/ [索取号:TB34/151] 在馆    
唐山师范学院图书馆 欢迎您!
大连网信软件有限公司© 版权所有